A közgazdaságtudomány haszna

Elmentve itt :
Bibliográfiai részletek
Szerző: Nagy Lajos
Dokumentumtípus: Cikk
Megjelent: 1963-07-11
Sorozat:Délmagyarország 53 No. 160
Kulcsszavak:Közgazdaságtudomány jelentősége publicisztika, közgazdaságtan
Online Access:http://dmarchiv.bibl.u-szeged.hu/72398
LEADER 00497nab a2200157 i 4500
001 delm72398
005 20180928082635.0
008 180928s1963 hu o 0|| hun d
040 |a SZTE Délmagyarország Archívum  |b hun 
041 |a hun 
100 1 |a Nagy Lajos 
245 1 2 |a A közgazdaságtudomány haszna  |h [elektronikus dokumentum] /  |c  Nagy Lajos 
260 |c 1963-07-11 
300 |a 3 
490 0 |a Délmagyarország  |v 53 No. 160 
695 |a Közgazdaságtudomány jelentősége publicisztika, közgazdaságtan